000 00496nam a2200169Ia 4500
008 240729s9999 xx 000 0 und d
022 _a2345-6868
245 0 _aPolyolefins Journal
260 _aIran, Islamic Republic of
260 _bIran Polymer and Petrochemical Institute
650 _a Chemical technology
650 _a Polymers and polymer manufacture
650 _aTechnology
856 _uhttps://doaj.org/toc/e0e570791d454bb4b8a5d263b1d4358c
942 _2ddc
942 _cDOAJEJ
999 _c65795
_d65795
945 _a1
_bMadushi Gamage
_c1
_dMadushi Gamage